书目信息 |
| 题名: |
新世纪日本语教程
|
|
| 作者: | 蓝佳 编辑 | |
| 分册: | 自学用 | |
| 出版信息: | 北京 外语教学与研究出版社 2006.02 |
|
| 页数: | 412页 | |
| 开本: | 20cm | |
| 丛书名: | ||
| 单 册: | ||
| 中图分类: | H36 | |
| 科图分类: | ||
| 主题词: | 日语 | |
| 电子资源: | ||
| ISBN: | 7-5600-2320-7 | |
| 000 | 00641nam0 2200229 45 | |
| 001 | 0931935482 | |
| 005 | 20120327082757.60 | |
| 010 | @a7-5600-2320-7@dCNY32.00 | |
| 100 | @a20090515d2006 ekmy0 y0120 ea | |
| 102 | @aCN@b130000 | |
| 102 | @aCN@b110000 | |
| 105 | @ay z 000yy | |
| 200 | 1 | @a新世纪日本语教程@Axin shi ji ri ben yu jiao cheng@i自学用@f蓝佳 编辑@Flan jia bian ji |
| 210 | @a北京@c外语教学与研究出版社@d2006.02 | |
| 215 | @a412页@d20cm | |
| 517 | 1 | @a自学用@Azi xue yong |
| 606 | 0 | @a日语 |
| 690 | @aH36@v4 | |
| 701 | 0 | @a蓝佳@Alan jia@4编辑 |
| 801 | 0 | @aCN@c20091018 |
| 905 | @a10447@dH36@eQ635 | |
| 906 | @d32@n3@r1 | |
| 新世纪日本语教程.自学用/蓝佳 编辑.-北京:外语教学与研究出版社,2006.02 |
| 412页;20cm |
| ISBN 7-5600-2320-7:CNY32.00 |
| ● |
| 相关链接 |
|
|
|
正题名:新世纪日本语教程
索取号:H36/Q635
 
预约/预借
| 序号 | 登录号 | 条形码 | 馆藏地/架位号 | 状态 | 备注 |
| 1 | 894437 | 208944375 | 语言库209/209语言库 124排1列6层/ [索取号:H36/Q635] | 在馆 | |
| 2 | 894438 | 208944384 | 语言库209/209语言库 124排1列6层/ [索取号:H36/Q635] | 在馆 | |
| 3 | 894439 | 208944393 | 自科二线504/504自科库 45排2列4层/ [索取号:H36/Q635] | 在馆 |